000 00568cam a2200229 4500
001 J4057
008 090401t1996 xxu||||| |||| 00| 0 eng d
035 _a(Sirsi) u58071
041 _aeng
050 _a333.332
110 _aDonaldsons
_93333
245 4 _aThe effects of contamination on property values.
260 _aLondon
_bDonaldsons
_c1996
300 _a(4)p. ; 30cm.
350 _a0
650 _aCONTAMINATED LAND
650 _aPROPERTY VALUES
650 _aValuation
_96273
690 _aRATING AND VALUATION
942 _n0
948 _c04/03/1997
999 _c94019
_d94019